Animals Beginning With - M - Statistics

General Stats
  • This quiz has been taken 60 times
  • The average score is 8 of 15
Answer Stats
Picture Answer % Correct
Meerkat
80%
Magpie
75%
Manatee
75%
Mosquito
75%
Mole
73%
Macaw
70%
Mallard
64%
Mandrill
64%
Millipede
61%
Mongoose
50%
Mink
43%
Mamba
34%
Marmoset
32%
Muntjac
14%
Motmot
7%
No matching quizzes found
Score Distribution
Percent of People with Each Score
Percentile by Number Answered
Your Score History
You have not taken this quiz